| 000 | 00578nam a2200169Ia 4500 | ||
|---|---|---|---|
| 003 | GCL | ||
| 008 | 140319s9999 xx 000 0 ara d | ||
| 040 |
_aGCL / _cGCL |
||
| 082 | 0 | 4 |
_a962.06 _bر ح |
| 100 | 1 | _aرؤوف عباس | |
| 245 | 1 | 0 |
_aجماعة النهضة القومية / _cرؤوف عباس |
| 260 |
_a[S.N] : _bدار الفكر للدراسات والنشر والتوزيع ، _c1986 |
||
| 490 |
_aكتاب الفكر _v0 |
||
| 650 | 0 | 4 | _aثورة 23 يوليو 1952 |
| 650 | 0 | 4 | _aمصر - تاريخ - العصر الحديث (1805 - 1956 ) |
| 942 |
_2ddc _cBK |
||
| 999 |
_c53887 _d53887 |
||